Comuni della Valle d'Aosta - Statistics

Statistiche generali
  • Questo quiz è stato fatto 55 volte
  • Il punteggio medio è 31 su 74
Statistiche sulle risposte
Provincia Comune % Corretto
Aosta
79%
Courmayeur
79%
Fénis
79%
Arnad
75%
Bard
67%
Cogne
67%
Nus
67%
Verrès
63%
Pont-Saint-Martin
58%
Antey-Saint-André
54%
Gressoney-La-Trinité
54%
Morgex
54%
Pré-Saint-Didier
54%
Sarre
54%
Aosta Allein
50%
Arvier
50%
Avise
50%
Ayas
50%
Aymavilles
50%
Brissogne
50%
Gressan
50%
Gressoney-Saint-Jean
50%
Introd
50%
Issime
50%
Jovençan
50%
La Thuile
50%
Saint-Marcel
50%
Valgrisenche
50%
Châtillon
46%
Issogne
46%
La Salle
46%
Pollein
46%
Saint-Pierre
46%
Valsavarenche
46%
Valtournenche
46%
Villeneuve
46%
Bionaz
42%
Chambave
42%
Donnas
42%
Saint-Vincent
42%
Brusson
38%
Champorcher
38%
Gignod
38%
Montjovet
38%
Charvensod
33%
Doues
33%
Gaby
33%
Hône
33%
Ollomont
33%
Rhêmes-Notre-Dame
33%
Saint-Christophe
33%
Saint-Denis
33%
Valpelline
33%
Verrayes
33%
Fontainemore
29%
Perloz
29%
Quart
29%
Saint-Nicolas
29%
Challand-Saint-Anselme
25%
Chamois
25%
Lillianes
25%
Aosta Pontey
25%
Rhêmes-Saint-Georges
25%
Torgnon
25%
Challand-Saint-Victor
21%
Champdepraz
21%
Émarèse
21%
Aosta Étroubles
21%
La Magdeleine
21%
Oyace
17%
Pontboset
17%
Roisan
17%
Saint-Oyen
13%
Saint-Saint-Rhémy-en-Bosses
4%
Nessun quiz corrispondente trovato
Distribuzione punteggi
Percentuale di utenti per punteggio
Percentile per numero di risposta
I tuoi punteggi nel tempo
Non hai fatto questo quiz